[Event "AUT Bundesliga 2019-20"]
[Site "Linz"]
[Date "2019.10.10"]
[Round "1.12"]
[White "Ennsberger, Ulrich"]
[Black "Novkovic, Milan"]
[Result "0-1"]
[WhiteElo "2259"]
[BlackElo "2357"]
[Annotator "NA"]
[PlyCount "79"]
[EventDate "2019.10.10"]
[EventType "team-tourn"]
[EventCountry "AUT"]
[SourceTitle "playchess.com"]
[Source "ChessBase"]
[SourceQuality "1"]
[TimeControl "40/5400+30:1800+30"]

1. Nf3 {[%emt 0:00:00]} Nf6 {[%emt 0:00:25]} 2. c4 {[%emt 0:00:14]} e6 {[%emt 0:02:03]} 3. Nc3 {[%emt 0:04:57]} d5 {[%emt 0:00:30]} 4. d4 {[%emt 0:01:07]} c6 {[%emt 0:00:32]} 5. Bg5 {[%emt 0:05:00]} dxc4 {[%emt 0:07:02]} 6. e4 {[%emt 0:01:54]} b5 {[%emt 0:00:11]} 7. e5 {[%emt 0:01:11]} h6 {[%emt 0:00:12]} 8. Bh4 {[%emt 0:01:10]} g5 {[%emt 0:00:17]} 9. Nxg5 {[%emt 0:00:43]} hxg5 {[%emt 0:00:30]} 10. Bxg5 {[%emt 0:00:08]} Be7 {[%emt 0:00:13]} 11. exf6 {[%emt 0:00:56]} Bxf6 {[%emt 0:00:07]} 12. Bxf6 {[%emt 0:02:47]} Qxf6 {[%emt 0:00:08]} 13. g3 {[%emt 0:01:09]} Bb7 {[%emt 0:01:51]} 14. Bg2 {[%emt 0:00:19]} Na6 {[%emt 0:00:21]} 15. Nxb5 {[%emt 0:54:21]} cxb5 {[%emt 0:00:09]} 16. Bxb7 {[%emt 0:00:13]} Nb4 {[%emt 0:00:05]} 17. O-O {[%emt 0:00:12]} Rd8 {[%emt 0:06:36]} 18. Qd2 {[%emt 0:00:32]} Nd3 {[%emt 0:16:01]} 19. Bc6+ {[%emt 0:00:45]} Kf8 {[%emt 0:05:18]} 20. Rad1 {[%emt 0:11:58]} Rxd4 {[%emt 0:05:37]} 21. Qe3 {[%emt 0:01:31]} Rh5 {[%emt 0:23:35]} 22. a4 {[%emt 0:02:00]} bxa4 {[%emt 0:04:45]} 23. Rd2 {[%emt 0:01:39]} Ra5 {[%emt 0:12:37]} 24. Be4 {[%emt 0:01:17]} Qe5 {[%emt 0:02:18]} 25. Qh6+ {[%emt 0:01:38]} Ke7 {[%emt 0:01:33]} 26. Bxd3 {[%emt 0:01:33]} cxd3 {[%emt 0:01:01]} 27. Qh7 {[%emt 0:01:25]} Qf5 {[%emt 0:05:16]} 28. Qh8 {[%emt 0:00:18]} Qe5 {[%emt 0:00:04]} 29. Qc8 {[%emt 0:00:54]} Qc5 {[%emt 0:01:18]} 30. Qb7+ {[%emt 0:00:13]} Rd7 {[%emt 0:00:55]} 31. Qe4 {[%emt 0:00:36]} Qd4 {[%emt 0:00:58]} 32. Qh7 {[%emt 0:00:31]} a3 {[%emt 0:00:14]} 33. bxa3 {[%emt 0:00:26]} Rxa3 {[%emt 0:00:07]} 34. h4 {[%emt 0:00:13]} Rd5 {[%emt 0:01:46]} 35. Kh2 {[%emt 0:02:22]} Rf5 {[%emt 0:01:11]} 36. Qg8 {[%emt 0:00:34]} Rc3 {[%emt 0:01:16]} 37. Qb8 {[%emt 0:00:23]} Qb6 {[%emt 0:00:28]} 38. Qa8 {[%emt 0:01:14]} Rc2 {[%emt 0:00:17]} 39. Rxc2 {[%emt 0:00:35]} dxc2 {[%emt 0:00:05]} 40. Qe4 {[%emt 0:00:00]} 0-1

[Event "AUT Bundesliga 2019-20"]
[Site "Linz"]
[Date "2019.10.10"]
[Round "1.12"]
[White "Ragger, Anna-Christina"]
[Black "Stangl, Markus"]
[Result "0-1"]
[WhiteElo "2238"]
[BlackElo "2434"]
[Annotator "TA"]
[PlyCount "68"]
[EventDate "2019.10.10"]
[EventType "team-tourn"]
[EventCountry "AUT"]
[SourceTitle "playchess.com"]
[Source "ChessBase"]
[SourceQuality "1"]

{[%evp 11,68,32,41,-12,29,41,31,-33,-27,-14,-29,-40,-47,-231,-238,-290,-208,-206,-113,-142,-135,-340,-380,-376,-376,-359,-326,-318,-250,-251,-251,-251,-249,-359,-345,-350,-346,-539,-529,-615,-537,-531,-183,-194,-186,-256,-257,-360,-360,-360,-355,-29988,-346,-480,-480,-12850,-11440,-5652,-5591]} 1. d4 Nf6 2. Bf4 g6 3. Nc3 Bg7 4. e4 d6 5. Qd2 Nc6 6. Nf3 O-O 7. h4 $146 {B08: Pirc Defence: Classical System} (7. O-O-O $14) ({Predecessor:} 7. Bh6 Bg4 8. Bxg7 Kxg7 9. O-O-O Bxf3 10. gxf3 e5 11. dxe5 dxe5 12. Qe3 Qe7 13. f4 Rad8 14. Bh3 a6 {0-1 (50) Karjakin,S (2783)-Nepomniachtchi,I (2751) chess.com INT 2017}) 7... Bg4 8. d5 e5 {And now ...Nd4 would win.} 9. dxc6 (9. Bg5 $14 Ne7 10. Nh2) 9... exf4 $15 10. cxb7 Rb8 11. Ba6 c6 12. Qd3 $2 (12. Bc4 $15) 12... Nd7 $1 $19 {[%cal Rd7c5]} 13. Qxd6 Qb6 14. Qa3 Nc5 (14... Rfd8 $19 {...Bf8 is the strong threat.} 15. Be2 Rxb7) 15. Bc4 Rxb7 16. Bb3 $2 (16. e5 $17 {was called for.}) 16... Bxc3+ 17. bxc3 Nxe4 {[%mdl 64] Double Attack, Discovered Attack} 18. O-O Bxf3 $1 19. gxf3 Nd2 {[%mdl 64] Threatens to win with ...Qd8. Double Attack} ({Weaker is} 19... Nxc3 20. Bxf7+ $1 {[%mdl 512]} Rbxf7 21. Qxc3 $15) 20. Qd6 Nxf1 21. Rxf1 Qc7 22. Qf6 (22. Qxc7 $142 Rxc7 23. Re1) 22... Re8 23. Rd1 c5 24. h5 (24. Rd6 $142 Rb6 25. Rxb6 Re1+ 26. Kg2 axb6 27. Bc4) 24... Rb6 25. Qh4 Rd6 26. Bxf7+ Kf8 $2 (26... Kxf7 27. Qxf4+ Ke7 $1 {[%mdl 512]} 28. Re1+ Kd8 29. Qg5+ Re7) 27. Rxd6 Re1+ 28. Kg2 (28. Kh2 $142 Qxd6 29. Bc4 (29. hxg6 $2 hxg6 30. Bc4 Kg7 $19)) 28... Qxd6 29. hxg6 (29. Bc4 $142) 29... hxg6 {KQR-KQB} 30. Bc4 Kg7 31. Qg4 $2 {[#]} (31. Bf1 $19) 31... Qe5 $2 (31... Qd1 $1 {mates} 32. Bf1 Rxf1 33. Qd7+ Qxd7 34. Kxf1 {[#]} Qd1+ $1 {[%mdl 576] Double Attack} 35. Kg2 Kf6 36. a4 g5 37. c4 g4 38. c3 Kg5 39. fxg4 f3+ 40. Kg3 Qh1 41. a5 Qg2#) 32. Bd3 Qh5 {[%csl Ge1][%cal Rh5h1] Black is clearly winning.} 33. Bf1 (33. Qxh5 $142 gxh5 34. Bc4) 33... Qxg4+ 34. fxg4 {[#]} f3+ $1 {[%mdl 512] Accuracy: White = 12%, Black = 59%.} 0-1